Click the My Chemical Romance Song Title Ending - Statistics

General Stats
  • This quiz has been taken 259 times
  • The average score is 18 of 20
Answer Stats
Hint Answer % Correct
Fake Your Death
99%
Hang Em' High
97%
Welcome to the Black Parade
97%
Famous Last Words
97%
You Know What They Do to Guys Like Us in Prison
96%
This Is How I Disappear
95%
Cemetery Drive
94%
The Kids from Yesterday
94%
The End.
93%
Bulletproof Heart
92%
The World is Ugly
92%
The Ghost of You
92%
The Foundations of Decay
90%
House of Wolves
89%
The Sharpest Lives
88%
Thank You for the Venom
88%
Our Lady of Sorrows
86%
Skylines and Turnstiles
86%
Drowning Lessons
82%
Headfirst for Halos
79%
No matching quizzes found
Score Distribution
Percent of People with Each Score
Percentile by Number Answered
Your Score History
You have not taken this quiz